Quy hoạch đô thị
Luật quy định về hoạt động quy hoạch đô thị gồm lập, thẩm định, phê duyệt và điều chỉnh quy hoạch đô thị; tổ chức thực hiện quy hoạch đô thị và quản lý phát triển đô thị theo quy hoạch đô thị đã được phê duyệt. Áp dụng với tổ chức, cá...
Tallennettuna:
| Yhteisötekijät: | , |
|---|---|
| Aineistotyyppi: | Kirja |
| Kieli: | Undetermined |
| Julkaistu: |
Hà Nội
Chính trị Quốc gia
2009
|
| Aiheet: | |
| Tagit: |
Lisää tagi
Ei tageja, Lisää ensimmäinen tagi!
|
| Thư viện lưu trữ: | Trung tâm Học liệu Trường Đại học Cần Thơ |
|---|
| LEADER | 01282nam a2200205Ia 4500 | ||
|---|---|---|---|
| 001 | CTU_156420 | ||
| 008 | 210402s9999 xx 000 0 und d | ||
| 082 | |a 346.597045 | ||
| 082 | |b V308 | ||
| 110 | |a Việt Nam | ||
| 110 | |b Cộng hoà xã hội chủ nghĩa | ||
| 245 | 0 | |a Quy hoạch đô thị | |
| 245 | 0 | |c Việt Nam ( Cộng hoà xã hội chủ nghĩa). Quốc hội | |
| 260 | |a Hà Nội | ||
| 260 | |b Chính trị Quốc gia | ||
| 260 | |c 2009 | ||
| 520 | |a Luật quy định về hoạt động quy hoạch đô thị gồm lập, thẩm định, phê duyệt và điều chỉnh quy hoạch đô thị; tổ chức thực hiện quy hoạch đô thị và quản lý phát triển đô thị theo quy hoạch đô thị đã được phê duyệt. Áp dụng với tổ chức, cá nhân trông nước và tổ chức, cá nhân ngoài nước trục tiếp tham gia hoặc có liên quan đến hoạt động quy hoạch đô thị trên lãng thổ Việt Nam. | ||
| 650 | |a City planning and redevelopment law,Luật quy hoạch và phát triển đô thị | ||
| 904 | |i Thi | ||
| 980 | |a Trung tâm Học liệu Trường Đại học Cần Thơ | ||